000 00580pam a2200217 a 4500
001 2787539
005 20180129041410.0
008 810511s1981 caua b 001 0 eng
010 _a 81008197
020 _a0875894984
040 _aDLC
_cDLC
_dDLC
041 _aeng
080 _a302.3 BAC
082 0 0 _a302.3 BAC
_219
100 1 _a52
101 _aEKO
245 1 0 _aBargaining, power, tactics, and outcomes /
_cSamuel B. Bacharach, Edward J. Lawler.
504 _aBibliography: p. 215-224.
906 _a7
_bcbc
_corignew
_d1
_eocip
_f19
_gy-gencatlg
942 _2ddc
_cBK
999 _c41133
_d41133